Quizzes
Events
Quiz Creation
Community
Videos
Private Events
Remove Ads
Sign In
Join for FREE
Feedback
Dark Mode
Quiz Categories
Sports
Geography
Music
Movies
Television
Just For Fun
Miscellaneous
History
Literature
Language
Science
Gaming
Entertainment
Religion
Holiday
For Kids
Quiz Lab
Recent
Popular Today
Quiz Kudos Today
Editor Picks
Curator Picks
Quizzes by...
Day
Popularity
Type
Ratings
Length
Year
Community
Subscriptions
Recent Discussions
Orange Saloon
Badges
Playlists
Quests
Create
Leaderboards
Showdown
Live 5
Trivia Bingo
Activity
Puzzle Library
Sporcle Events
Private Events
Virtual Trivia
Globe League
Become a Host
Pub Owners
SporcleCon
Opinionation
Our Games
Videos
Blog
Mobile Apps
Partnerships
Remove Ads and Go Orange
Feedback
Sports
Athletes
MLB
NBA
NHL
NFL
Soccer
Sports Teams
WWE
NCAA
Football
Premier League
Basketball
Baseball
Hockey
Golf
Tennis
Cricket
Rugby
Auto Racing
Olympics
World Cup
Sports
Athletes
MLB
NBA
NHL
NFL
Soccer
Sports Teams
WWE
NCAA
Football
Premier League
Basketball
Baseball
Hockey
Golf
Tennis
Cricket
Rugby
Auto Racing
Olympics
World Cup
Random Quiz
Search Sporcle
×
Quiz Lab
Quiz Lab
Sports
Player
Type in answers that appear in a list
Type in answers that appear in a list
Classic
Best Score? Go Orange.
Sports Nicknames Stats
Can you name the Sports Nicknames?
By
Sixtytwobobs
5m
30 Questions
2,482 Plays
2,482 Plays
2,482 Plays
Comments
Comments
Give Quiz Kudos
Give Quiz Kudos
-
- Ratings
hide this ad
More Info
Forced Order
Answers have to be entered in order
Answers have to be entered in order
Random Order
Randomize order of answers
Randomize order of answers
Replay
Link that replays current quiz
Next Quiz
Link to next quiz in quiz playlist
You Got
0%
They Got
Avg Score
58%
Avg Friend Score
Upgrade to see
Score Distribution
Jump to the score distribution portion of the page
Score
0/30
Timer
05:00
0
Plays Today
Player
% Correct
David Ortiz
93.2%
Chad Johnson
92.3%
Karl Malone
90.5%
Kobe Bryant
86.3%
Randy Johnson
83.9%
Joe Namath
82.4%
Joe Greene
82%
Babe Ruth
81.5%
Jerome Bettis
81.1%
Clyde Drexler
76.4%
Allen Iverson
75.9%
Williams Perry
75.6%
Willie Mays
73.9%
Walter Payton
71.9%
Hakeem Olajuwon
70.9%
Player
% Correct
Gary Payton
67.8%
Charles Barkley
67%
Larry Bird
64.7%
Lou Gehrig
64.4%
Joe DiMaggio
52.9%
Stan Musial
52.1%
Ted Williams
41.4%
Wilt Chamberlain
31.8%
Adrian Peterson
26.1%
Elroy Hirsch
24.9%
Cedric Maxwell
19.2%
Jack Reynolds
10.9%
Lance Alworth
8.5%
Willie McCovey
6.9%
Orlando Cepeda
3.8%
Quiz Playlist
Details
Report
Send in Message
Add To Playlist
More Info:
10 each for basketball, baseball, and football.
Classic:
Type in answers that appear in a list
Forced Order:
Answers have to be entered in order
Random Order:
Randomize order of answers
Quiz Source
Last Updated: Feb 16, 2017
Quiz Scoreboard
CHALLENGE
Sign Up to Join the Scoreboard
Show All
Scores
Hide
Comments
May contain spoilers
Recently Published
Alphabetical 'K' Countries by Flag Minefield
by ylime102
Geography
3m
Pick 6: Fruits
by JohnFran
Miscellaneous
15s
Click the 1999 NBA Draft
by nibperrychub
Sports
2m
More to Explore
Quiz From the Vault
Featured Blog Post
15 Basketball Trivia Facts You Can Be March Mad About
hide this ad
You Might Also Like...
Tags
nickname
Player
Today's Top Quizzes in Sports
Browse Sports
hide this ad
Today's Top Quizzes in Player
Browse Player
Top Contributed Quizzes in Sports
1
Les joueurs à 100 buts en Ligue 1 Uber Eats
2
Pick 6: NFL Teams
3
MLB 2 truths and a lie: Hall of Fame pitchers
4
Criteria MLB: Left Handed Sluggers
5
2022 World Cup Stars
6
Don't Strike Out: 3000 Strikeouts
7
Millionaire: NBA Finals Edition
8
Pick 6: Minor League Baseball
9
Click the 1998 NBA Draft
10
Pick 6: Olympics
Explore More
Trending Topics
Marvel
Anime
Kpop
Harry Potter
Disney
NBA
Crossword
Song
NFL
WWE
Pokémon
The Office
Country
Puzzle
Soccer
hide this ad
More By:
Sixtytwobobs
Quiz
Plays
Rating
Category
Featured
Created
Sacramento Kings All-Time Leaders
39,370
4.34
Sports
Jun 27, 2010
NBA Player's Career Teams
6,785
3.67
Sports
May 26, 2011
NBA Last Names
6,625
4.07
Sports
Apr 23, 2011
College's NBA Top 5
3,177
3.90
Sports
May 31, 2011
Sports Nicknames
2,482
2.47
Sports
May 29, 2012
Go to Creator's Profile
Score Distribution
Quiz Creator Spotlight
Sixtytwobobs
Follow
Send a Message
Quizzes Created
-
Created Quiz Play Count
-
More By This Creator
Popular Quizzes Today
1
Countries of Asia Without Outlines Minefield
2
Find the US States - No Outlines Minefield
3
Pick 6: Fruits
4
Alphabetical 'K' Countries by Flag Minefield
5
The Countries of the World
6
Find the US States
7
US States
8
Match the Book to the Film X
More Sports Quizzes
UEFA Champions League Runners-Up XIs 2021-2030
Quiz Lab
Trending Quizzes
Pick 6: Mountains
Pick 6: Harry Potter
Pick 6: NFL Teams
Pick 6: Movie Franchises
Pick 6: Golfers
Recently Updated
NWSL Teams
pecheneg
Women's Final Four Teams by Year
bhenderson79
Presidents Quartet II
eogle
Anything But Clue(do)
eogle
Anything But Oceanian Capitals
eogle
Anything But 7
eogle
Anything But Thing
eogle
Word Ladder: February 29
pecheneg
Song Title Questions
pecheneg
Women's NCAA Tournament #1 Seeds
pecheneg
Trending Topics
Marvel
Kpop
Disney
Anime
NBA
Harry Potter
Crossword
The Office
NFL
Soccer
Song
Country
Pokémon
WWE
Puzzle
Your Account Isn't Verified!
In order to create a playlist on Sporcle, you need to verify the email address you used during registration. Go to your
Sporcle Settings
to finish the process.
Report this User
Report this user for behavior that violates our
Community Guidelines
.
Details:
Send Report
Go to the Sporcle.com Mobile Site →
Comments